One Piece - Fishman Island Ultimate Quiz - Statistics

General Stats
  • This quiz has been taken 32 times
  • The average score is 22 of 37
Answer Stats
Question Answer % Correct
Where is the torchlight feature located on Franky's body? His nipples
93%
After Whitebeard’s death, who took over the protection of Fishman Island? Big Mom
89%
Who is the oldest of Neptune's children? Fukaboshi
85%
Which child did the Sun Pirates help get back to her hometown? Koala
85%
Which very important character is first mentionned with the poneglyph of the Forest of the Sea? Joy Boy
81%
Which Sea Beast was pulling Caribou’s ship when they attacked the Sunny on the way to Fishman Island? Momoo
81%
Who gives blood to Luffy after his battle with Hody? Jinbe
78%
Why does Shirahoshi really wanna go the the Forest of the Sea? To visit her late mother’s grave
78%
What berserk form did Chopper manage to control and use reasonably after the timeskip? Monster Point
74%
What did Hody personally endure that led to his hatred for humans? Nothing
74%
Which of these do Hody and Arlong have in common? Their teeth grow back
74%
What allows daylight to reach Fishman Island? The roots of the giant tree Eve
74%
The SH are wrongly suspected of capturing mermaids. But who really did it? Caribou
70%
Why was Fisher Tiger’s latest trip so long? He was enslaved in Marie-Geoise
70%
What group of animals accompany the SH as they reach the New World? Island Whales
70%
What happened when Sanji first saw Shirahoshi? He turned to stone
67%
What technique does Luffy use for the first time against Hody and is a reference to Ace? Red Hawk
67%
What event led to a commotion that allowed Vander Decken to make Shirahoshi his right hand target? The assassination of Otohime
67%
How was the Noah able to stop before destroying Fishman Island? The Sea Kings stopped it
67%
Fishmen usually have children that resemble their parents. False
63%
When Big Mom calls, who answers the transponder snail? Luffy
59%
After which building was Arlong Park modelled from? Sabaody Park main entrance
59%
Who is Madam Shyarly the sister of? Arlong
56%
Who was trapped by Surume (the Kraken) when the SH defeated him? Megalo
56%
What type of fish is Daruma, member of the New Fish-Man Pirates? Cookie-cutter shark
52%
What is the name of Tom (Franky's teacher)'s brother? Den
52%
How many fishmen does Luffy defeat with his conqueror haki? 50 000
48%
Why doesn’t Luffy want to be a hero? He doesn't wanna share the meat
48%
Who drew a sketch of Surume when they met him on the way to Fishman Island? Robin
44%
Why was Queen Otohime so emotional and compassionate? She had a very strong observation haki
41%
How old was Shirahoshi when she first displayed her powers as Poseidon? 6 years old
33%
Which Sea Beast is not present when Hammond, member of the New Fish-Man Pirates, threatens the SH? Sea Buffalo
30%
What is the age difference between Arlong and Hody? 10 years
26%
What is the quantity of sweets Big Mom requests from Fishman Island per month? 10 tons
22%
How long would the deepest sea currents trap you before reaching back the surface? 2000 years
22%
When will the next tea party be when Tamago and Pekoms visit Fishman Island? In 2 days
11%
What was Fisher Tiger’s bounty? 140M
7%
No matching quizzes found
Score Distribution
Percent of People with Each Score
Percentile by Number Answered
Your Score History
You have not taken this quiz